Tribhuvan University Central Library

Youth power in the modern world (Record no. 48132)

MARC details
000 -LEADER
fixed length control field 00476 a2200205 4500
020 ## - INTERNATIONAL STANDARD BOOK NUMBER
International Standard Book Number 81-202-0147-7
041 ## - LANGUAGE CODE
Language code of text/sound track or separate title Eng
082 ## - DEWEY DECIMAL CLASSIFICATION NUMBER
Classification number 301.431
Item number B182y
100 ## - MAIN ENTRY--PERSONAL NAME
Personal name Balan, K.
9 (RLIN) 2856
245 ## - TITLE STATEMENT
Title Youth power in the modern world
260 ## - PUBLICATION, DISTRIBUTION, ETC.
Place of publication, distribution, etc. Delhi
Name of publisher, distributor, etc. Ajanta Pub
Date of publication, distribution, etc. 1985
300 ## - PHYSICAL DESCRIPTION
Extent 56p.
650 ## - SUBJECT ADDED ENTRY--TOPICAL TERM
Topical term or geographic name entry element Youth
9 (RLIN) 2802
650 ## - SUBJECT ADDED ENTRY--TOPICAL TERM
Topical term or geographic name entry element Social classes
9 (RLIN) 2639
650 ## - SUBJECT ADDED ENTRY--TOPICAL TERM
Topical term or geographic name entry element Health
650 ## - SUBJECT ADDED ENTRY--TOPICAL TERM
Topical term or geographic name entry element Destiny
9 (RLIN) 2857
653 ## - INDEX TERM--UNCONTROLLED
Uncontrolled term Social science
942 ## - ADDED ENTRY ELEMENTS (KOHA)
Source of classification or shelving scheme Dewey Decimal Classification
Koha item type General Collections
518 ## - DATE/TIME AND PLACE OF AN EVENT NOTE
-- 20101205
Holdings
Withdrawn status Lost status Source of classification or shelving scheme Damaged status Not for loan Home library Current library Date acquired Total Checkouts Full call number Barcode Date last seen Price effective from Koha item type
    Dewey Decimal Classification     Tribhuvan University Central Library Tribhuvan University Central Library 12/05/2010   301.431 B182y 92519 12/05/2010 12/05/2010 General Collections